Enzyklopädie-Reisesprachführer Deutsch-Tschechisch

Enregistré dans:
Détails bibliographiques
Format: Livre
Langue:allemand
Publié: Leipzig Enzyklopädie 1979
Tags: Ajouter un tag
Pas de tags, Soyez le premier à ajouter un tag!

MARC

LEADER 00000nam a2200000 4500
001 0223076
005 20260129132437.8
041 0 |a ger 
044 |a DE 
245 1 0 |a Enzyklopädie-Reisesprachführer Deutsch-Tschechisch  |c Josef Březina 
264 1 |a Leipzig  |b Enzyklopädie  |c 1979 
300 |a 168 s.